| 000 | 00936nam a2200265Ia 4500 | ||
|---|---|---|---|
| 003 | OSt | ||
| 005 | 20221005104645.0 | ||
| 006 | a|||||r|||| 00| 0 | ||
| 007 | ta | ||
| 008 | 221004b |||||||| |||| 00| 0 hin d | ||
| 020 |
_a9789381481137 (hbk) _cINR 350.00 |
||
| 024 | _a29454 | ||
| 037 |
_b276, 03/03/2017, Eastern Book Linkers _cTextual |
||
| 040 |
_aCRL _cCRL _bhin |
||
| 041 |
_2hin _ahin |
||
| 082 | _aO152:g, Q1 | ||
| 100 | _aतिवारी, विनोद, ले. | ||
| 245 | 0 | _aनई सदी की दहलीज पर | |
| 246 | _aNaī sadī kī dahalīj para | ||
| 260 |
_aदिल्ली _bविजया बुक्स भारत _c2011 |
||
| 300 |
_a208पृ0 _ccm. |
||
| 650 | _aहिन्दी साहित्य | ||
| 942 |
_hO152:g, Q1 _cTEXL _2cc |
||
| 999 |
_c1013406 _d1013406 |
||